000 00970cam a2200265 a 4500
001 000005709
005 20200929151744.0
008 000520s1999 cu a b 000 0dspa
020 _a9592241023
040 _aDO-SdBNP
_cDLC
082 _a972.91
_bR969c
100 1 _aRodríguez La O, Raúl.
_916131
245 1 0 _aCruenta tregua /
_cRaúl Rodríguez La O. ; edición, Felipa Suárez Ramos.
260 _aLa Habana, Cuba :
_bVerde Olivo,
_c1999.
300 _a239 p. :
_bil. ;
_c22 cm.
651 4 _aCuba
_xHistoria
_y1878-1895.
_916132
650 4 _aRebeldia
_zCuba
_xHistoria
_ySIGLO XIX
_916133
600 1 4 _aAGÜERO, CARLOS,
_d1856-1885.
_916134
600 1 4 _aBONACHEA HERNÁNDEZ, RAMÓN LEOCADIO,
_d1849-1885.
_916135
600 1 4 _aSÁNCHEZ RODRÍGUEZ, LIMBANO
_dd. 1885.
_916136
600 1 4 _aGARCÍA PONCE, MANUEL,
_d1851-1895.
_916137
600 1 4 _aFERNÁNDEZ RUZ, JUAN
_916138
700 1 _aSuárez Ramos, Felipa
_eed.
_916139
910 _aCatalogación por copia / LC
999 _c5505
_d5505